[Event "División de Honor Aragonesa 2019 - Encuentros por tableros Global"]
[Site ""]
[Date "2019.03.16"]
[Round "8.23"]
[White "Gella Bitrian, Diego"]
[Black "Roche Simon, Manuel Angel"]
[Result "1-0"]
[WhiteElo "2023"]
[BlackElo "2129"]
[PlyCount "0"]
[WhiteTeam "Atletismo Huesca"]
[BlackTeam "Delicias"]
[EventDate "2019.01.26"]

1. e4 c5 2. Nf3 Nc6 3. d4 cxd4 4. Nxd4 Nf6 5. Nc3 e6 6. Ndb5 Bb4 7. a3 Bxc3+ 8.
Nxc3 d5 9. exd5 exd5 10. Bd3 d4 11. Ne2 O-O 12. O-O Qd5 13. Nf4 Qd8 14. Nh5 Ng4
15. Ng3 Qh4 16. h3 Nge5 17. Be4 Be6 18. Re1 Rad8 19. Nf5 Qf6 20. g4 Bxf5 21.
Bxf5 g6 22. Be4 Qh4 23. Bg2 f5 24. gxf5 Rxf5 25. f4 Nc4 26. Qe2 Rf7 27. Rf1 Nb6
28. Bd2 Qf6 29. Qd3 Qd6 30. Rae1 Qc5 31. Kh1 a5 32. Be4 Rd6 33. Qg3 Rdf6 34.
Bd3 Nc4 35. Bc1 Nd6 36. b3 Nf5 37. Qg2 Ne3 38. Bxe3 dxe3 39. Bc4 Kg7 40. Bxf7
Rxf7 41. Qe4 Re7 42. Qd3 Qd4 43. f5 gxf5 44. Qxf5 Qe4+ 45. Qxe4 Rxe4 46. Rf3 e2
47. c3 Kg6 48. Kg1 b5 49. Kf2 b4 50. axb4 axb4 51. Rxe2 Rxe2+ 52. Kxe2 bxc3 53.
Rxc3 1-0

[Event "División de Honor Aragonesa 2019 - Encuentros por tableros Global"]
[Site ""]
[Date "2019.03.16"]
[Round "8.24"]
[White "Llanes Luno, Pedro Alfredo"]
[Black "Laplaza Ara, Carlos"]
[Result "1/2-1/2"]
[WhiteElo "2011"]
[BlackElo "1963"]
[PlyCount "0"]
[WhiteTeam "Delicias"]
[BlackTeam "Atletismo Huesca"]
[EventDate "2019.01.26"]

1. e4 c5 2. Nf3 d6 3. d4 cxd4 4. Nxd4 Nf6 5. Nc3 a6 6. Bg5 e6 7. f4 Be7 8. Qf3
Qc7 9. O-O-O Nc6 10. Nxc6 Qxc6 11. Bd3 b5 12. Qe2 Bd7 13. e5 Nd5 14. Nxd5 Bxg5
15. Be4 exd5 16. Bxd5 Bxf4+ 17. Kb1 Qc8 18. exd6+ Be6 19. d7+ Qxd7 20. Bxa8 Qc8
21. Be4 O-O 22. Bxh7+ Kxh7 23. Qe4+ Bf5 24. Qxf4 1/2-1/2

[Event "División de Honor Aragonesa 2019 - Encuentros por tableros Global"]
[Site ""]
[Date "2019.03.16"]
[Round "8.29"]
[White "Colas Longares, Rafael P."]
[Black "Pellicer Cerezuela, Miguel"]
[Result "1-0"]
[WhiteElo "2337"]
[BlackElo "2005"]
[PlyCount "0"]
[WhiteTeam "Enroque"]
[BlackTeam "L'Aurora Estadilla"]
[EventDate "2019.01.26"]

1. e4 e6 2. d3 d5 3. Nd2 dxe4 4. Nxe4 Nf6 5. Nxf6+ Qxf6 6. Nf3 h6 7. g3 Bd6 8.
Bg2 Bd7 9. Nd2 Bc6 10. Ne4 Bxe4 11. Bxe4 c6 12. O-O Nd7 13. Rb1 Qe7 14. Re1 Nf6
15. Bg2 O-O 16. Bd2 Rad8 17. Qf3 Bc5 18. Re2 Nd5 19. a3 Qf6 20. Qh5 Bb6 21. Be4
Qe7 22. Rbe1 Nf6 23. Qh4 Nd5 24. Qh3 Qf6 25. Bc1 Rfe8 26. Qg4 e5 27. Qf5 Qxf5
28. Bxf5 f6 29. h4 Ne7 30. Be6+ Kf8 31. h5 Rd6 32. Bg4 Red8 33. Kg2 Bd4 34. c3
Bb6 35. d4 Ng8 36. dxe5 fxe5 37. Rxe5 Nf6 38. Bf3 R8d7 39. g4 Rd3 40. Be2 R3d5
41. Rxd5 Rxd5 42. Bd1 Rd7 43. f4 Bd8 44. Bc2 Nxg4 45. Bf5 Nf6 46. Bxd7 Nxd7 47.
Rd1 Ke8 48. Be3 Nf6 49. Bxa7 Nxh5 50. Bb8 Nf6 51. Be5 Ng4 52. Re1 Kf7 53. Kf3
Nxe5+ 54. Rxe5 Bc7 55. Re4 h5 56. Ra4 Ke6 57. Ra7 Bd6 58. Rxb7 Kf6 59. Rb6 g5
60. fxg5+ Kxg5 61. Rxc6 Be7 62. a4 1-0

[Event "División de Honor Aragonesa 2019 - Encuentros por tableros Global"]
[Site ""]
[Date "2019.03.16"]
[Round "8.30"]
[White "Felez Casedas, Carlos"]
[Black "Garcia Vicente, Nieves"]
[Result "0-1"]
[WhiteElo "1940"]
[BlackElo "2189"]
[PlyCount "0"]
[WhiteTeam "L'Aurora Estadilla"]
[BlackTeam "Enroque"]
[EventDate "2019.01.26"]

1. d4 Nf6 2. Nf3 e6 3. e3 c5 4. Bd3 Nc6 5. b3 Qc7 6. a3 e5 7. Nbd2 d5 8. dxe5
Nxe5 9. Bb5+ Bd7 10. Bxd7+ Nexd7 11. Bb2 Be7 12. c4 O-O 13. O-O Rad8 14. Qc2
Qc6 15. Rfd1 Rfe8 16. Rac1 Qe6 17. h3 dxc4 18. Nxc4 h6 19. a4 Nd5 20. Qe2 Bf6
21. Bxf6 N7xf6 22. Qb2 b6 23. Qe5 Qxe5 24. Nfxe5 Ne4 25. Rd3 Nb4 26. Rxd8 Rxd8
27. f3 Nd2 28. Nxd2 Rxd2 29. Rc3 Nd5 30. Rd3 Rxd3 31. Nxd3 Nxe3 32. Ne5 Kf8 33.
Nc6 a5 34. Ne5 Ke7 35. Nc4 Nd5 36. Kf2 f5 37. g3 Kd7 38. f4 Kc7 39. Kf3 Ne7 40.
g4 Kc6 41. gxf5 Nxf5 42. Ke4 Nd4 43. Ne5+ Kc7 44. Kd5 Nxb3 45. Ke6 Nd4+ 46. Kf7
Ne2 47. f5 Ng3 48. Kxg7 Nxf5+ 49. Kg6 Nh4+ 50. Kxh6 Kd6 51. Nc4+ Kd5 52. Nxb6+
Kd4 53. Kg5 Ng2 54. Kf5 c4 55. Nxc4 Kxc4 56. Ke4 Kb4 57. Kd3 Nf4+ 0-1

[Event "División de Honor Aragonesa 2019 - Encuentros por tableros Global"]
[Site ""]
[Date "2019.03.16"]
[Round "8.31"]
[White "Escuer Sanchez, Nestor"]
[Black "Fuentes Espuna, Juan Antonio"]
[Result "0-1"]
[WhiteElo "2070"]
[BlackElo "1948"]
[PlyCount "0"]
[WhiteTeam "Enroque"]
[BlackTeam "L'Aurora Estadilla"]
[EventDate "2019.01.26"]

1. d4 e6 2. e4 d5 3. Nd2 c5 4. exd5 exd5 5. Ngf3 Nc6 6. Be2 Nf6 7. O-O Be7 8.
dxc5 Bxc5 9. Nb3 Be7 10. Nbd4 O-O 11. h3 Ne4 12. c3 a6 13. Qb3 Nxd4 14. Nxd4
Bh4 15. Nf3 b5 16. Nxh4 Qxh4 17. Qxd5 Be6 18. Qh5 Qxh5 19. Bxh5 Rad8 20. Be2
Rfe8 21. Rd1 Rxd1+ 22. Bxd1 Bc4 23. Be3 Ng3 24. Bc2 g6 25. Bb3 Ne4 26. Rd1 Bxb3
27. axb3 Re6 28. Bh6 Nd6 29. c4 f6 30. c5 Nf7 31. Bf4 Kf8 32. Kf1 Ke7 33. Re1
Rxe1+ 34. Kxe1 Nd8 35. Bd2 Nc6 36. b4 Ke6 37. Bc3 f5 38. Ke2 Kd5 39. Kd3 a5 40.
bxa5 b4 41. Bd2 Kxc5 42. Be3+ Kb5 43. Bb6 Ne5+ 44. Kc2 Nc4 45. Bd8 Nxa5 46.
Bxa5 Kxa5 47. Kd3 Kb5 48. Kd4 Ka4 49. Kc4 g5 50. b3+ Ka3 51. g3 g4 52. hxg4
fxg4 53. f4 gxf3 0-1

[Event "División de Honor Aragonesa 2019 - Encuentros por tableros Global"]
[Site ""]
[Date "2019.03.16"]
[Round "8.32"]
[White "Pellicer Cemeli, Jose Luis"]
[Black "Sig Vargas, Pablo"]
[Result "1/2-1/2"]
[WhiteElo "1941"]
[BlackElo "1900"]
[PlyCount "0"]
[WhiteTeam "L'Aurora Estadilla"]
[BlackTeam "Enroque"]
[EventDate "2019.01.26"]

1. d4 Nf6 2. Nf3 e6 3. Bg5 Be7 4. c4 b6 5. Nc3 Bb7 6. e3 Ne4 7. Nxe4 Bxe4 8.
Bxe7 Qxe7 9. a3 O-O 10. Nd2 Bb7 11. Qh5 f5 12. f3 Qf7 13. Qh4 d6 14. Bd3 Qf6
15. Qf2 Nd7 16. O-O Rad8 17. e4 Rfe8 18. b4 Ra8 19. c5 dxc5 20. dxc5 Ne5 21.
Bc2 Rad8 22. exf5 exf5 23. Rad1 Nd3 24. Bxd3 Rxd3 25. Nc4 Red8 26. Rxd3 Rxd3
27. Qe2 Rd8 1/2-1/2

[Event "ARA Campeonato de Aragon por Equipos Preferente Grupo I (204363)"]
[Site ""]
[Date "2019.03.16"]
[Round "8.33"]
[White "Gil Pineiro, David"]
[Black "Garcia Morales, Roberto"]
[Result "1/2-1/2"]
[WhiteElo "1911"]
[BlackElo "2030"]
[PlyCount "0"]
[WhiteTeam "Teruel B"]
[BlackTeam "Agrupacion B"]
[EventDate "2019.01.26"]

1.d4 d5 2.Bf4 Nf6 3.e3 e6 4.Nd2 Bd6 5.Bg3 c6 6.Ngf3 Qc7 7.Bd3 Nbd7 8.Qe2
c5 9.c3 e5 10.dxe5 Nxe5 11.Nxe5 Bxe5 12.O-O O-O 13.c4 Bg4 14.Nf3 Bxg3 15.hxg3
Rad8 16.Rac1 d4 17.exd4 Rxd4 18.Qc2 Bxf3 19.gxf3 Rfd8 20.Rfd1 g6 21.Be2
Nh5 22.Kg2 Ng7 23.Rxd4 Rxd4 24.Rd1 Nf5 25.Rxd4 cxd4 26.Qe4 Qb6 27.b3 Ng7
28.c5 Qe6 29.Bc4 Qd7 30.Bd5   1/2-1/2

[Event "ARA Campeonato de Aragon por Equipos Preferente Grupo I (204363)"]
[Site ""]
[Date "2019.03.16"]
[Round "8.34"]
[White "Carruez Berges, Santiago"]
[Black "Pache Marconell, Juan"]
[Result "1-0"]
[WhiteElo "2024"]
[BlackElo "1870"]
[PlyCount "0"]
[WhiteTeam "Agrupacion B"]
[BlackTeam "Teruel B"]
[EventDate "2019.01.26"]

1.e4 d6 2.d4 Nf6 3.Nc3 g6 4.Nf3 Bg7 5.Be2 c6 6.O-O O-O 7.Re1 Qc7 8.Bg5 Nh5
9.Be3 e5 10.Qd2 Re8 11.Rad1 Nd7 12.dxe5 dxe5 13.Ng5 Nf4 14.Bc4 Re7 15.g3
Nh5 16.a4 h6 17.Nf3 Nb6 18.Be2 Kh7 19.a5 Nd7 20.Nh4 Ndf6 21.Qd8 Qxd8 22.Rxd8
Rd7 23.Rd1 Rxd1+ 24.Bxd1 Bh8 25.Be2 Bg7 26.Bc4 b5 27.Bxf7 b4 28.Bxg6# 
 1-0

[Event "ARA Campeonato de Aragon por Equipos Preferente Grupo I (204363)"]
[Site ""]
[Date "2019.03.16"]
[Round "8.35"]
[White "Abancens Fernandez, Bernardo"]
[Black "Lopez Guaita, Fernando"]
[Result "0-1"]
[WhiteElo "1818"]
[BlackElo "1868"]
[PlyCount "0"]
[WhiteTeam "Teruel B"]
[BlackTeam "Agrupacion B"]
[EventDate "2019.01.26"]

1.d4 d5 2.Bf4 Nf6 3.e3 e6 4.Bd3 Bd6 5.Bg3 O-O 6.Nd2 c5 7.c3 Nc6 8.Ngf3 b6
9.e4 dxe4 10.Nxe4 Be7 11.dxc5 bxc5 12.Qe2 Bb7 13.Rd1 Qb6 14.Nd6 Bxd6 15.Bxd6
Nd4 16.Nxd4 Qxd6 17.Nf3 Qf4 18.h3 e5 19.Ba6 Bc6 20.O-O Bxf3 21.Qxf3 Qxf3
22.gxf3 Rfd8 23.Rfe1 Rxd1 24.Rxd1 Rb8 25.Bc4 Kf8 26.b3 Ke7 27.Kg2 Nh5 28.a4
Rb6 29.Kf1 Nf4 30.a5 Rh6 31.Ke1 Rxh3   0-1

[Event "ARA Campeonato de Aragon por Equipos Preferente Grupo I (204363)"]
[Site ""]
[Date "2019.03.16"]
[Round "8.38"]
[White "Ciriano Lamban, Alejandro"]
[Black "Miranda Herrera, Jorge Manuel"]
[Result "0-1"]
[WhiteElo "2041"]
[BlackElo "1950"]
[PlyCount "0"]
[WhiteTeam "Marcos Frechin A"]
[BlackTeam "Monsalud-Soluzion"]
[EventDate "2019.01.26"]

1. Nf3 Nf6 2. d4 g6 3. c4 c6 4. g3 Bg7 5. Bg2 O-O 6. O-O d6 7. Nc3 Nbd7 8. e4
e5 9. h3 Qe7 10. b3 exd4 11. Nxd4 Nc5 12. Re1 Re8 13. Bb2 Bd7 14. Qd2 Rad8 15.
Rad1 Bc8 16. f4 Qc7 17. Qf2 Re7 18. b4 Ncd7 19. c5 dxc5 20. bxc5 Nxc5 21. Nxc6
bxc6 22. Qxc5 Rxd1 23. Rxd1 Nh5 24. Qf2 Rd7 25. e5 Qb6 26. Qxb6 axb6 27. Kf2
Rxd1 28. Nxd1 Bd7 29. Nc3 Bf8 30. Ne4 Be6 31. a3 Bd5 32. Bc1 Be7 33. Bf3 Ng7
34. Nf6+ Bxf6 35. Bxd5 cxd5 36. exf6 Ne6 37. Be3 b5 38. Bb6 Kf8 39. Ke3 Ke8 40.
g4 Kd7 41. f5 gxf5 42. gxf5 Ng5 43. h4 Ne4 44. Bd4 Ng3 45. Bc3 Nxf5+ 46. Kf4
Nxh4 47. Kg5 Ng6 48. Kh6 Ke6 49. Kxh7 Ne5 50. Kg7 Nf3 0-1

[Event "ARA Campeonato de Aragon por Equipos Preferente Grupo I (204363)"]
[Site ""]
[Date "2019.03.16"]
[Round "8.39"]
[White "Miranda Garcia, Eduardo"]
[Black "Ruiperez Gumiel, Ramon"]
[Result "1/2-1/2"]
[WhiteElo "1788"]
[BlackElo "1873"]
[PlyCount "0"]
[WhiteTeam "Monsalud-Soluzion"]
[BlackTeam "Marcos Frechin A"]
[EventDate "2019.01.26"]

1. e4 c5 2. g3 Nc6 3. Bg2 d6 4. Ne2 g6 5. O-O Bg7 6. c3 e5 7. d3 Nge7 8. Nd2
Be6 9. f4 Qd7 10. Nc4 Rd8 11. Be3 b6 12. Qa4 O-O 13. Rad1 Nd4 14. Qxd7 Nxe2+
15. Kf2 Rxd7 16. Kxe2 b5 17. Na3 Bxa2 18. Nxb5 Rb8 19. Ra1 Rxb5 20. Rxa2 Rdb7
21. Bc1 Nc6 22. f5 f6 23. fxg6 hxg6 24. Bh3 Kf7 25. Kd1 Ke7 26. Rf2 Rb8 27. Bf1
Ra5 28. Rxa5 Nxa5 29. g4 Nb3 30. Be3 g5 31. Kc2 Na5 32. Kb1 Nc6 33. Ka2 Nd8 34.
Ka3 Rb6 35. b4 cxb4+ 36. cxb4 Rb7 37. Rc2 Kd7 38. Ka4 Bf8 39. b5 Ne6 40. Ka5
Nc7 41. d4 Be7 42. d5 Bd8 43. Ka4 Na8 44. h4 gxh4 45. Bh3 Ke7 46. g5 Bb6 47.
gxf6+ 1/2-1/2

[Event "ARA Campeonato de Aragon por Equipos Preferente Grupo I (204363)"]
[Site ""]
[Date "2019.03.16"]
[Round "8.40"]
[White "Torres Ferrandez, Mario"]
[Black "Miranda Herrera, Miguel"]
[Result "0-1"]
[WhiteElo "1872"]
[BlackElo "1748"]
[PlyCount "0"]
[WhiteTeam "Marcos Frechin A"]
[BlackTeam "Monsalud-Soluzion"]
[EventDate "2019.01.26"]

1. d4 Nf6 2. Nf3 g6 3. Bf4 Bg7 4. e3 d6 5. Be2 O-O 6. h3 Nc6 7. O-O Nd7 8. Bg5
h6 9. Bh4 g5 10. Bg3 e5 11. dxe5 dxe5 12. e4 f5 13. exf5 e4 14. Qd5+ Kh8 15.
Qxe4 Bxb2 16. Nbd2 Bxa1 17. Rxa1 Nf6 18. Qa4 Bxf5 19. Bb5 Nh5 20. Bh2 Qf6 21.
Re1 Nf4 22. Bxf4 gxf4 23. Qxf4 Bxc2 24. Qc4 Bf5 25. Ne4 Bxe4 26. Qxe4 Rae8 27.
Qxe8 Rxe8 28. Rxe8+ Kg7 29. Bc4 Na5 30. Bd5 c6 31. Bg8 c5 32. Ne5 b5 33. Re6
Qd8 34. Rg6+ Kf8 35. Be6 Qd1+ 36. Kh2 c4 37. Rxh6 c3 38. f4 c2 39. Rf6+ Ke7 40.
Ng4 Qxg4 41. hxg4 Kxf6 0-1

[Event "ARA Campeonato de Aragon por Equipos Preferente Grupo I (204363)"]
[Site ""]
[Date "2019.03.16"]
[Round "8.41"]
[White "Romon Poves, Raul"]
[Black "Galve Guinea, Alejandro"]
[Result "1-0"]
[WhiteElo "2257"]
[BlackElo "2001"]
[PlyCount "0"]
[WhiteTeam "Shatranj"]
[BlackTeam "El Olivar C"]
[EventDate "2019.01.26"]

1. e4 e6 2. d4 d5 3. Nc3 Bb4 4. e5 c5 5. a3 Bxc3+ 6. bxc3
Ne7 7. Qg4 O-O 8. Bd3 Nbc6 9. Qh5 Ng6 10. Nf3 c4 11. Ng5 h6 12. Nxf7 Rxf7 13.
Bxg6 Rc7 14. g4 Bd7 15. Bf7+ Kf8 16. g5 Be8 17. gxh6 Bxf7 18. hxg7+ 1-0

[Event "ARA Campeonato de Aragon por Equipos Preferente Grupo I (204363)"]
[Site ""]
[Date "2019.03.16"]
[Round "8.42"]
[White "Hernandez Delgado, Gabriel"]
[Black "Franco Ibanez, Carlos"]
[Result "0-1"]
[WhiteElo "1894"]
[BlackElo "1978"]
[PlyCount "0"]
[WhiteTeam "El Olivar C"]
[BlackTeam "Shatranj"]
[EventDate "2019.01.26"]

1. d4 Nf6 2. Bg5 e6 3. e4 h6 4. Bxf6 Qxf6 5. c3 c5 6. e5
Qd8 7. Nf3 Nc6 8. d5 exd5 9. Qxd5 Qc7 10. Na3 Be7 11. Nb5 Qb8 12. Nd6+ Bxd6 13.
exd6 O-O 14. O-O-O b6 15. Qf5 Bb7 16. Bd3 g6 17. Qf6 Qd8 18. Qf4 Kg7 19. h4 Qf6
20. Qxf6+ Kxf6 21. h5 g5 22. Rhe1 Rae8 23. Be4 Re6 24. g4 Rfe8 25. Bf5 Rxe1 26.
Nxe1 Nb8 27. Kd2 Be4 28. Bxe4 Rxe4 29. f3 Re8 30. Kc2 Nc6 31. Ng2 Nd8 32. f4
Re2+ 33. Rd2 Rxd2+ 34. Kxd2 Nb7 35. f5 Ke5 36. Ke3 Nxd6 37. b3 Ne8 38. Ne1 d5
39. b4 Nf6 40. Nd3+ Kd6 41. Kf3 Nd7 42. Nf2 a6 43. a3 Ne5+ 44. Ke2 b5 45. Nd3
Nxd3 46. Kxd3 c4+ 47. Kd2 f6 48. Ke3 d4+ 49. cxd4 Kd5 50. Ke2 Kxd4 0-1

[Event "ARA Campeonato de Aragon por Equipos Preferente Grupo I (204363)"]
[Site ""]
[Date "2019.03.16"]
[Round "8.43"]
[White "Ballonga Arruebo, Alejandro"]
[Black "Labrador Postigo, Francisco M."]
[Result "1-0"]
[WhiteElo "1680"]
[BlackElo "1876"]
[PlyCount "0"]
[WhiteTeam "Shatranj"]
[BlackTeam "El Olivar C"]
[EventDate "2019.01.26"]

1. c4 c5 2. Nc3 b6 3. Nf3 Nf6 4. d4 cxd4 5. Nxd4 Bb7 6. Bg5 e6 7. e4 d6 8. Qa4+ Nbd7 9. Rd1
a6 10. Be2 Qc7 11. Bxf6 gxf6 12. Bh5 Ke7 13. O-O Ne5 14. f4 Nxc4 15. e5 dxe5
16. fxe5 Nxe5 17. Qa3+ Qc5 18. Qb3 Rg8 19. Rf2 Ng6 20. Kf1 Rd8 21. Nf5+ exf5
22. Rxd8 Kxd8 23. Qxf7 Ne7 24. Rd2+ Kc7 25. Qe8 Bc6 26. Qd8+ Kb7 27. Bf3 Qc4+
28. Ke1 Qe6+ 29. Kf1 Qc4+ 30. Kg1 Nd5 31. Nxd5 Bxd5 32. Qxd5+ Qxd5 33. Bxd5+
1-0

[Event "ARA Campeonato de Aragon por Equipos Preferente Grupo I (204363)"]
[Site ""]
[Date "2019.03.16"]
[Round "8.44"]
[White "De La Riva Fernandez, Eduardo"]
[Black "Aznar Andres, Maria Pilar"]
[Result "1-0"]
[WhiteElo "1794"]
[BlackElo "1602"]
[PlyCount "0"]
[WhiteTeam "El Olivar C"]
[BlackTeam "Shatranj"]
[EventDate "2019.01.26"]

1. e4 c5 2. Nf3 d6 3. d4 cxd4 4. Nxd4 Nf6 5. Nc3 g6 6. Be2
Bg7 7. Be3 Nc6 8. O-O O-O 9. h3 Bd7 10. f4 a6 11. Qd2 Rc8 12. Bf3 Rc7 13. Nde2
Rc8 14. Rac1 b5 15. a3 Qc7 16. g4 Na5 17. b3 Bc6 18. g5 Nd7 19. Bd4 e5 20. Be3
Rfd8 21. Bg4 Ba8 22. Nd5 Bxd5 23. exd5 exf4 24. Bd4 Nb7 25. Qxf4 Bxd4+ 26. Nxd4
Rf8 27. Nc6 Rce8 28. Rce1 Ne5 29. Nxe5 dxe5 30. Qd2 e4 31. Qf4 Qc5+ 32. Qe3
Qxd5 33. Rd1 Qc5 34. Rfe1 Qxe3+ 35. Rxe3 Nc5 36. Rd5 Nb7 37. c4 bxc4 38. bxc4
Re7 39. c5 Nd8 40. Rd6 Nb7 41. Rxa6 Nxc5 42. Rc6 Na4 43. Rc4 Nb2 44. Rcxe4 Nd1
45. Rxe7 Nxe3 46. Rxe3 0-1

[Event "ARA Campeonato de Aragon por Equipos Preferente Grupo I (204363)"]
[Site ""]
[Date "2019.03.16"]
[Round "8.45"]
[White "Planas Torrea, Francisco Javier"]
[Black "Palacios Latasa, Elias"]
[Result "0-1"]
[WhiteElo "2060"]
[BlackElo "2216"]
[PlyCount "0"]
[WhiteTeam "Ejea"]
[BlackTeam "Ibercaja B"]
[EventDate "2019.01.26"]

1. e4 e5 2. Nf3 Nc6 3. Bc4 Nf6 4. d3 h6 5. c3 d6 6. Nbd2 g5 7. Nf1 g4 8. Ng1
Be6 9. Bxe6 fxe6 10. Qb3 Qd7 11. Be3 d5 12. O-O-O O-O-O 13. Ng3 h5 14. h4 Bh6
15. N1e2 Qh7 16. Bxh6 Qxh6+ 17. Kb1 Rhf8 18. Rhf1 Ng8 19. d4 Na5 20. Qa4 Nc4
21. exd5 exd5 22. Qxa7 Nd2+ 23. Rxd2 Qxd2 24. dxe5 Ne7 25. e6 c6 26. Qc5 Rde8
27. Qd6 Qd3+ 28. Ka1 Qh7 29. Qd7+ Kb8 30. Nd4 Rd8 31. Re1 Rxd7 32. exd7 Rd8 0-1

[Event "ARA Campeonato de Aragon por Equipos Preferente Grupo I (204363)"]
[Site ""]
[Date "2019.03.16"]
[Round "8.46"]
[White "Sanchez Castro, Roberto"]
[Black "Planas Torrea, Alberto"]
[Result "0-1"]
[WhiteElo "2037"]
[BlackElo "1915"]
[PlyCount "0"]
[WhiteTeam "Ibercaja B"]
[BlackTeam "Ejea"]
[EventDate "2019.01.26"]

1. g3 d5 2. Bg2 e5 3. d3 Nf6 4. a3 Bc5 5. b4 Bb6 6. e3 O-O 7. Bb2 Re8 8. h3 c6
9. Ne2 Bf5 10. Nd2 Nbd7 11. g4 Bg6 12. Nb3 Qe7 13. Ng3 Nf8 14. h4 h6 15. Nf5
Qd7 16. Ng3 Qxg4 17. Bf3 Qd7 18. Be2 Qd6 19. h5 Bh7 20. Rg1 a5 21. Nxa5 Bxa5
22. bxa5 Rxa5 23. Bg4 Rb5 24. Bc1 e4 25. a4 Ra5 26. d4 Nxg4 27. Qxg4 Qf6 28.
Bd2 Ra6 29. Bb4 Ne6 30. a5 Qg5 31. Qh3 Qd8 32. Ke2 Ng5 33. Qg4 Qc8 34. Qf4 Nh3
35. Qh4 Nxg1+ 36. Rxg1 Qe6 37. Nf1 b6 38. Qg3 Qf6 39. axb6 Rxb6 40. Bc5 Qf3+
41. Qxf3 exf3+ 42. Kxf3 Rb2 43. c3 Be4+ 44. Kg3 Rb1 45. Kh2 Ra8 46. Nd2 Rxg1
47. Kxg1 Ra1+ 48. Kh2 Rh1+ 49. Kg3 Rxh5 50. c4 Bd3 51. cxd5 cxd5 52. Be7 f6 53.
Kg2 Kf7 54. Bd6 Ke6 55. Bf4 Kf5 56. Nb3 g5 57. Bg3 g4 58. Bf4 Be4+ 59. Kf1 Rh1+
60. Ke2 h5 61. Nd2 h4 62. f3 gxf3+ 63. Kf2 Kg4 64. Nf1 Kh3 65. Bd6 Kg4 66. Bf4
h3 67. Nh2+ Kf5 68. Nf1 Ke6 69. Bb8 Kd7 70. Bf4 Kc6 71. Bb8 Kb5 72. Bf4 Kb4 73.
Bc7 Kc3 74. Ba5+ Kc2 75. Bc7 Kd3 76. Bh2 Rxf1+ 77. Kxf1 Kxe3 78. Bg1+ Kf4 79.
Kf2 Bd3 80. Bh2+ Ke4 81. Bg1 Kf4 82. Bh2+ Ke4 83. Bg1 Kxd4 84. Kxf3+ Kc3 85.
Kg4 Bf1 86. Kf3 d4 87. Kf2 d3 0-1

[Event "ARA Campeonato de Aragon por Equipos Preferente Grupo I (204363)"]
[Site ""]
[Date "2019.03.16"]
[Round "8.47"]
[White "Marcellan Peire, Jesus Eduardo"]
[Black "Garcia Monterde, Francisco Jose"]
[Result "1/2-1/2"]
[WhiteElo "1904"]
[BlackElo "1872"]
[PlyCount "0"]
[WhiteTeam "Ejea"]
[BlackTeam "Ibercaja B"]
[EventDate "2019.01.26"]

1. d4 Nf6 2. c4 c5 3. d5 b5 4. cxb5 a6 5. b6 Qxb6 6. Nc3 d6 7. a4 g6 8. a5 Qc7
9. e4 Bg7 10. Bc4 O-O 11. h3 Qb7 12. Nf3 Bd7 13. O-O Qb4 14. Qe2 Bb5 15. Nd2
Bxc4 16. Nxc4 Nbd7 17. Bd2 Ne8 18. Na4 Qb5 19. Rfe1 Nc7 20. Nab6 Rad8 21. Bc3
Na8 22. Bxg7 Kxg7 23. Nxa8 Rxa8 24. Qc2 Rab8 25. Re3 f6 26. Raa3 Ne5 27. Nxe5
fxe5 28. Reb3 Qd7 29. Rb6 Rxb6 30. axb6 Rb8 31. Rxa6 Qb5 32. Ra7 Kf8 33. Qd2
Qxb6 34. Ra2 Kg7 35. h4 Qb3 36. Ra7 Rb7 37. Rxb7 Qxb7 38. h5 gxh5 39. Qg5+ Kf8
40. Qxh5 Kg7 41. Qg5+ Kf8 42. Qh5 Kg7 43. Qe2 Qb4 44. Kh2 c4 45. Qc2 Qc5 46. f3
Qd4 47. Qa4 Kf7 48. Qd7 Qxb2 49. Qe6+ Kf8 50. Qc8+ Kf7 51. Qxc4 Qf2 52. Qc1
Qh4+ 53. Kg1 Kg7 1/2-1/2

[Event "ARA Campeonato de Aragon por Equipos Preferente Grupo I (204363)"]
[Site ""]
[Date "2019.03.16"]
[Round "8.48"]
[White "Ruiz Gutierrez, Jose Manuel"]
[Black "Asin Jimenez, Pedro Jose"]
[Result "1/2-1/2"]
[WhiteElo "1701"]
[BlackElo "1735"]
[PlyCount "0"]
[WhiteTeam "Ibercaja B"]
[BlackTeam "Ejea"]
[EventDate "2019.01.26"]

1. c4 c5 2. Nf3 Nc6 3. g3 e5 4. Bg2 g6 5. Nc3 Bg7 6. O-O Nge7 7. d3 O-O 8. Rb1
d6 9. a3 a5 10. Bd2 h6 11. Nb5 Be6 12. h3 Rb8 13. b3 Qd7 14. Kh2 Kh7 15. Ng1 f5
16. f4 b6 17. e4 Nd4 18. Nxd4 exd4 19. Re1 Rfe8 20. exf5 Nxf5 21. Qf3 d5 22.
cxd5 Bf7 23. h4 Rxe1 24. Rxe1 Re8 25. Rxe8 Qxe8 26. Qe4 Nd6 27. Qxe8 Bxe8 28.
Nf3 a4 29. b4 c4 30. dxc4 Nxc4 31. Bc1 d3 32. h5 Bf7 33. Bf1 Bxd5 34. hxg6+
Kxg6 35. Bxd3+ Kf7 36. Bxc4 Bxc4 37. Ne5+ Bxe5 38. fxe5 h5 39. Kg2 Be2 40. Kf2
Bg4 41. Ke3 b5 42. Kd4 Ke6 43. Kc5 Be2 44. Bf4 Bc4 1/2-1/2

[Event "ARA Campeonato de Aragon por Equipos Preferente Grupo I (204363)"]
[Site ""]
[Date "2019.03.16"]
[Round "8.49"]
[White "Antonano Fedz-Quincoces, Avelino"]
[Black "Fernandez Rubio, Rafael"]
[Result "1-0"]
[WhiteElo "2164"]
[BlackElo "2054"]
[PlyCount "0"]
[WhiteTeam "St. Casablanca C"]
[BlackTeam "Tauste"]
[EventDate "2019.01.26"]

1.e4 c5 2.Nf3 d6 3.d4 cxd4 4.Nxd4 Nf6 5.Nc3 g6 6.Bc4 Bg7 7.Bb3 O-O 8.O-O Nbd7
9.h3 Nc5 10.Re1 a6 11.Bg5 h6 12.Bh4 e5 13.Bxf6 Bxf6 14.Nf3 Nxb3 15.axb3 Be6
16.Nd5 Bxd5 17.Qxd5 Qc7 18.c3 Be7 19.Nh2 Kg7 20.Ng4 f5 21.exf5 Rxf5 22.Ne3 Rf7
23.Ra4 Raf8 24.Re2 Bg5 25.Rc4 Qd8 26.Re4 Bxe3 27.R4xe3 Qb6 28.f3 Qc6 29.Rd3
Qxd5 30.Rxd5 Rf6 31.Red2 Rd8 32.Rxe5 dxe5 33.Rxd8 Rb6 34.b4 a5 35.bxa5 Rxb2
36.Rd5 Kf6 37.c4 Kf5 38.Rb5 Rc2 39.Rxb7 Rxc4 40.a6 Ra4 41.a7 Ra1+ 42.Kh2 Kg5
43.Kg3 Kf5 44.Rh7 Kg5 45.Rf7 h5 46.h4+ Kh6 47.Re7 Ra4 48.Kf2 Ra3 49.Ke2 g5 50.
hxg5+ Kxg5 51.Rxe5+ Kf4 52.Rxh5 Rxa7 53.Rh4+ Kf5 54.Kf2 Ra1 55.Rb4 Ra2+ 56.Kg3
Ra3 57.Rb5+ Kf6 58.Kg4 Ra1 59.Rb6+ Kg7 60.f4 1-0

[Event "ARA Campeonato de Aragon por Equipos Preferente Grupo I (204363)"]
[Site ""]
[Date "2019.03.16"]
[Round "8.50"]
[White "Sancho Casale, Jesus"]
[Black "Garcia Andres, Daniel"]
[Result "0-1"]
[WhiteElo "1970"]
[BlackElo "1992"]
[PlyCount "0"]
[WhiteTeam "Tauste"]
[BlackTeam "St. Casablanca C"]
[EventDate "2019.01.26"]

1.b3 e5 2.Bb2 Nc6 3.e3 d5 4.Bb5 e4 5.d3 Nf6 6.Nd2 exd3 7.cxd3 Bd7 8.d4 Nb4 9.
Be2 Bf5 10.Kf1 Bd6 11.a3 Nd3 12.Bc3 Qe7 13.Ndf3 Nxf2 14.Kxf2 Ne4+ 15.Kf1 Nxc3
16.Qc1 Ne4 17.Bb5+ Bd7 18.Bd3 O-O 19.Ne2 Rfe8 20.Bxe4 Qxe4 21.Kf2 Re6 22.Re1
Rae8 23.Nc3 Qf5 24.Kg1 c6 25.Ra2 Qh5 26.Rf2 Rh6 27.Ne2 Bxh2+ 28.Nxh2 Qxh2+ 29.
Kf1 Qh4 30.Nf4 Bg4 31.Ne2 Bxe2+ 32.Kxe2 Qxd4 33.Rf3 Qg4 34.Kf2 Rg6 35.Rg1 Rge6
36.Qc3 b6 37.Rf1 f6 38.Rd1 Qe4 39.Rd4 Qe5 40.Qd3 Qg5 41.Rh3 h6 42.Rf3 Re4 43.
Qc3 Rxd4 44.exd4 Re4 45.Qxc6 Qh4+ 46.Kg1 Re1+ 47.Rf1 Qxd4+ 48.Kh2 Rxf1 0-1